Регионална библиотека "Любен Каравелов" - Русе

Сила за живот - 2 (Запис номер 4388)

MARC детайли
000 -Лидер
Контролно поле с фиксирана дължина 02262nam a2200505 a 4500
003 - Код на организацията, давaща контролен номер
Контролно поле BLK
005 - Дата и час на последна редакция
Контролно поле 20241121114443.0
008 - Елементи от данни с фиксирана дължина
fixed length control field 180412b bul|||||r ||||||| ||bul||
010 ## - Наследен системен номер
LC control number KNG00005526000
020 ## - Международен стандартен номер на книга ISBN
Международен стандартен номер на книга ISBN 954-474-033-3
040 ## - Източник на каталожния запис
Идентификатор на билиотеката - собственик на записа BLK
041 ## - Код за език
Код за езика на текст/звукозапис или на отделно заглавие Български
Код за езика КДБФ Български
072 #7 - Код за тематичната категория
Код организация bullib
Код за тематична категория Л04
Текст Лечебно хранене
080 ## - УДК
Текстов определител УДК Хигиена на храненето. Режим на храненето. Вж и 612.39 ; 614.3 ; 615.874 ; 641
УДК код - определител по УДК 613.2
УДК определител (035)
УДК - код + определител 613.2(035)
080 ## - УДК
Текстов определител УДК Диетотерапия. Усилено и органично хранене, диети, богати на тлъстини, на минерали и др.
УДК код - определител по УДК 615.874
УДК определител (035)
УДК - код + определител 615.874(035)
100 1# - Редна дума - Автор
Автор Пашкулев, Димитър Любенов
Авторска отговорност първи автор
R(LIN) 248622
139 ## - Редно поле
Редна дума Пашкулев, Димитър Любенов
Авторски знак Паш - П 30
245 10 - Сведения за заглавието
Заглавие Сила за живот - 2
Редно поле (дума) Димитър Любенов Пашкулев; предг. от Тотка Дикова Станкушева; науч. ред. Хелда Христова Боева.
257 ## - Страна на издаване
Страна на създаване/издаване България
260 ## - Област на издателските данни
Място на издаване, разпространение и проч. София
Име на издателя, разпространителя и проч. Кибеа
Година на издаване 1994
300 ## - Физическа характеристика
Страници 350 с.
Размери/Мащаб 20 см
380 ## - Жанр
Жанр Медицина
490 ## - СЕРИИ (Колекции)
Име на серия Серия Здраве
500 ## - Общи забележки
Забележка Библиогр. с. 349-350. - 10 000 тир.
650 #4 - Допълнително описание по предмет – тема
Основно описание – тема или топоним Хранене - хигиена - наръчници и ръководства
9 (RLIN) 243507
650 #4 - Допълнително описание по предмет – тема
Основно описание – тема или топоним Лечебно хранене - наръчници и ръководства
9 (RLIN) 243265
650 #4 - Допълнително описание по предмет – тема
Основно описание – тема или топоним Ястия - рецепти
9 (RLIN) 241857
653 ## - Ключова дума – ненормативна
Ключова дума лечебно хранене
653 ## - Ключова дума – ненормативна
Ключова дума разделно хранене
653 ## - Ключова дума – ненормативна
Ключова дума хигиена на храненето
653 ## - Ключова дума – ненормативна
Ключова дума диетотерапия
653 ## - Ключова дума – ненормативна
Ключова дума готварски рецепти
659 ## - Тематичен бюлетин
Тематичен бюлетин Л
700 1# - Други автори (авторска отговорност)
Лично име Станкушева, Тотка Дикова
Автороска отговорност (Описва отношението между автора и произведението) предг. от
9 (RLIN) 248623
700 1# - Други автори (авторска отговорност)
Лично име Боева, Хелда Христова
Автороска отговорност (Описва отношението между автора и произведението) науч. ред.
9 (RLIN) 248624
852 ## - Местоположение
Форматна сигнатура Цб 179936
Фондова буква Хранилище
856 4# - Електронен адрес и достъп
Електронен формат pdf - файл
Път до файла /url/
856 4# - Електронен адрес и достъп
Електронен формат pdf - файл
Път до файла /url/
942 ## - АРТИКУЛИ
Вид на библиотечния материал Книги
Скрит в OPAC Не
Koha issues (borrowed), all copies 4
Периодичен библиозапис Да
944 ## - СЪЗДАВАНЕ И РЕДАКЦИЯ на ЗАПИСА
Създаване/Редакция Създаване
Дата на регистрацията/редакция 15.01.2003
Статус, дата на статуса Цветелина Желева
Служител, извършил регистрацията/редакцията 30544
944 ## - СЪЗДАВАНЕ И РЕДАКЦИЯ на ЗАПИСА
Създаване/Редакция Редакция
Дата на регистрацията/редакция 27.12.2013
Статус, дата на статуса ф /
999 ## - СИСТЕМНИ КОНТРОЛНИ НОМЕРА
Koha biblionumber 4388
Koha biblioitemnumber 4388
999 ## - СИСТЕМНИ КОНТРОЛНИ НОМЕРА
Koha biblioitemnumber 4388
999 ## - СИСТЕМНИ КОНТРОЛНИ НОМЕРА
Koha biblioitemnumber 4388
999 ## - СИСТЕМНИ КОНТРОЛНИ НОМЕРА
Koha biblioitemnumber 4388
Наличности
Код за отписване Код за изгубен артикул Източник на класификационната схема Код за повреда Коз за рестрикции Код за отдаване Артикулен № Име на библиотеката - собственик Име на библиотеката, в която се намира в момента Статус (Текущо местоположение) Дата на вписване в системата Местоположение - отдел Цена в лева Инвентарен номер Систематично азбучна сигнатура Баркод Номер на екземпляра Цена в евро Служебна бележка Служебен тип на артикула
  Не е изгубен Universal Decimal Classification Не е повреден без рестрикции ползва се в читалня 7798 Регионална библиотека "Любен Каравелов" Русе Регионална библиотека "Любен Каравелов" Русе Хранилище 2001-01-01 Хранилище 1.35 608964 Цб 179936 120000608964 1 0.69 Дост: Dp Вид: Д N: 2 Дата: 01.01.1994 Книги
Изтеглен Не е изгубен Universal Decimal Classification Не е повреден без рестрикции заемане за дома 7799 Регионална библиотека "Любен Каравелов" Русе Регионална библиотека "Любен Каравелов" Русе Заемна - подръчен фонд 2001-01-01 Заемна - подръчен фонд 400.00 626270 П 613.2/П 30 120000626270 2 204.52 Бележки инв: П2018 Книги
  Не е изгубен   Не е повреден без рестрикции заемане за дома 7800 Регионална библиотека "Любен Каравелов" Русе Регионална библиотека "Любен Каравелов" Русе Заемна - подръчен фонд 2013-12-09 Заемна - подръчен фонд 9.00 120000772771 П 613.2/П 30 120000772771 3 4.60 Дост: DA Вид: А N: 20 Дата: 09.12.2013 Дата инв: 02.02.2018 Бележки инв: П2018 Книги
Vip Innovations Ltd, Rousse, Bulgaria 2025